Cryptocurrency

Salvato in:
Dettagli Bibliografici
Autore principale: Nemčovič, Richard (Autore)
Altri autori: Čavojský, Maroš (Relatore della tesi)
Natura: Manoscritto Libro
Lingua:slovacco
inglese
Pubblicazione: STU v Bratislave FEI, Bratislava : 2021
Soggetti:
Accesso online:https://opac.crzp.sk/?fn=detailBiblioForm&sid=38F43C5054BC4F7F2BBBC6F31F28&seo=CRZP-detail-kniha
Tags: Aggiungi Tag
Nessun Tag, puoi essere il primo ad aggiungerne!!

MARC

LEADER 00000ntm a22000003a 4500
001 stuzp82869
003 SK-STU
005 20220202114036.8
007 ta
008 150427s2015----xo-----f-mn---000-0-slo-d
040 |a STU  |b slo 
041 0 |a eng 
044 |a xo 
100 1 |a Nemčovič, Richard  |u 035000  |4 aut  |U FEI Fakulta elektrotechniky a informatiky  |T FEI Ústav informatiky a matematiky  |X 97887  |U E050  |Y 816  |7 97887 
242 0 1 |a Vlastná kryptomena  |y slo 
245 1 0 |a Cryptocurrency 
260 |c Bratislava :  |b STU v Bratislave FEI,  |c 2021 
300 |a 67 s., príl. 
650 4 |a Blockchain  |2 slo 
650 4 |a Kryptomena  |2 slo 
650 4 |a Stablecoin  |2 slo 
650 4 |a Cryptocurrency  |2 eng 
650 4 |a Stablecoin  |2 eng 
650 4 |a Blockchain  |2 eng 
700 1 |a Čavojský, Maroš  |u 035000  |k Z1  |4 ths  |U FEI Fakulta elektrotechniky a informatiky  |T FEI Ústav informatiky a matematiky  |X 64790  |U E050  |Y 816  |7 A000064790 
856 4 |u https://opac.crzp.sk/?fn=detailBiblioForm&sid=38F43C5054BC4F7F2BBBC6F31F28&seo=CRZP-detail-kniha